Mẹo vặt trong gia đình Nghệ thuật nuôi chim hót, chim cảnh
Enregistré dans:
| Auteur principal: | |
|---|---|
| Format: | Livre |
| Langue: | Undetermined |
| Publié: |
Đồng Nai
Nxb. Đồng Nai
1993
|
| Sujets: | |
| Tags: |
Ajouter un tag
Pas de tags, Soyez le premier à ajouter un tag!
|
| Thư viện lưu trữ: | Trung tâm Học liệu Trường Đại học Cần Thơ |
|---|
| LEADER | 00568nam a2200193Ia 4500 | ||
|---|---|---|---|
| 001 | CTU_14278 | ||
| 008 | 210402s9999 xx 000 0 und d | ||
| 082 | |a 636.68 | ||
| 082 | |b V308 | ||
| 100 | |a Việt Chương | ||
| 245 | 0 | |a Mẹo vặt trong gia đình | |
| 245 | 0 | |b Nghệ thuật nuôi chim hót, chim cảnh | |
| 245 | 0 | |c Việt Chương | |
| 260 | |a Đồng Nai | ||
| 260 | |b Nxb. Đồng Nai | ||
| 260 | |c 1993 | ||
| 650 | |a birds, ornamental,pets | ||
| 904 | |i Minh, 961231 | ||
| 980 | |a Trung tâm Học liệu Trường Đại học Cần Thơ | ||